[Event "Stuttgarter Stadtmeisterschaft A"]
[Site "Ditzingen"]
[Date "2008.05.01"]
[Round "3.20"]
[White "Zhou, Syang"]
[Black "Wagner, Florian"]
[Result "1/2-1/2"]
[WhiteElo "1991"]
[BlackElo "2183"]
[PlyCount "88"]
[EventDate "2008.05.??"]
[EventType "swiss"]
[EventRounds "7"]
[EventCountry "GER"]

1. e4 c5 2. Nf3 Nc6 3. d4 cxd4 4. Nxd4 Nf6 5. Nc3 e5 6. Ndb5 d6 7. Bg5 a6 8.
Na3 b5 9. Nd5 Qa5+ 10. Bd2 Qd8 11. Bg5 Be7 12. Bxf6 Bxf6 13. c3 Bg5 14. Nc2 O-O
15. a4 bxa4 16. Rxa4 a5 17. Bb5 Ne7 18. Ncb4 Bh3 19. Nxe7+ Qxe7 20. Nd5 Qb7 21.
c4 Be6 22. O-O f5 23. Qd3 Rab8 24. Nc3 Qb6 25. Rfa1 Kh8 26. Qe2 f4 27. Qf3 Bd8
28. Nd5 Qd4 29. Rd1 Qc5 30. Qa3 Rc8 31. Qxc5 Rxc5 32. f3 Bxd5 33. Rxd5 Rxd5 34.
cxd5 Bb6+ 35. Kf1 Rc8 36. Bc6 Rb8 37. b4 axb4 38. Rxb4 Kg8 39. Ra4 g5 40. h3
Kf7 41. Ra8 Rxa8 42. Bxa8 h5 43. Bc6 Ke7 44. Ke2 Bg1 1/2-1/2

[Event "Stuttgarter Stadtmeisterschaft A"]
[Site "Ditzingen"]
[Date "2008.05.01"]
[Round "3.21"]
[White "Samu, Sorin-Mihai"]
[Black "Grandidier, Raphael"]
[Result "1-0"]
[WhiteElo "2176"]
[BlackElo "2023"]
[PlyCount "117"]
[EventDate "2008.05.??"]
[EventType "swiss"]
[EventRounds "7"]
[EventCountry "GER"]

1. e4 c5 2. Nc3 g6 3. d4 Bg7 4. d5 d6 5. Bb5+ Nd7 6. Nge2 a6 7. Bxd7+ Bxd7 8.
O-O Nf6 9. f3 O-O 10. Be3 Qc7 11. Qd2 b5 12. Bh6 b4 13. Nd1 Bb5 14. Bxg7 Kxg7
15. Rf2 e6 16. dxe6 fxe6 17. Nf4 Rae8 18. a3 a5 19. h4 Bc6 20. axb4 axb4 21. c4
e5 22. Nd3 Ra8 23. Rxa8 Bxa8 24. b3 Bc6 25. Rf1 Nh5 26. Ne3 Qe7 27. Qe1 Nf4 28.
Nxf4 Rxf4 29. g3 Rf8 30. Qd2 Qe6 31. Kg2 Bd7 32. Ng4 Qf7 33. Qh6+ Kg8 34. Ne3
Ra8 35. Rf2 Rf8 36. h5 Qe6 37. hxg6 hxg6 38. g4 Qf7 39. Qg5 Kg7 40. Nf5+ Bxf5
41. exf5 Qf6 42. Qxg6+ Qxg6 43. fxg6 Kxg6 44. Rd2 Rf6 45. Kg3 Kg5 46. Rd3 Re6
47. Rd5 Kf6 48. Kh4 Ke7 49. g5 Rg6 50. Kh5 Rg8 51. g6 Rh8+ 52. Kg5 Rh3 53. Rd3
e4 54. Re3 Rxf3 55. Rxe4+ Kf8 56. Rf4+ Rxf4 57. Kxf4 d5 58. cxd5 c4 59. Ke3 1-0

[Event "Stuttgarter Stadtmeisterschaft A"]
[Site "Ditzingen"]
[Date "2008.05.01"]
[Round "3.22"]
[White "Arounopoulos, Stephan"]
[Black "Gabriel, Josef"]
[Result "0-1"]
[WhiteElo "2002"]
[BlackElo "2148"]
[PlyCount "68"]
[EventDate "2008.05.??"]
[EventType "swiss"]
[EventRounds "7"]
[EventCountry "GER"]

1. d4 f5 2. g3 Nf6 3. Bg2 g6 4. Nf3 Bg7 5. c4 O-O 6. O-O d6 7. Nc3 Qe8 8. Re1
Qf7 9. b3 Ne4 10. Bb2 c5 11. Rc1 Nc6 12. d5 Nb4 13. Nxe4 fxe4 14. Bxg7 Kxg7 15.
Ng5 Qxf2+ 16. Kh1 Nxa2 17. Ra1 Qe3 18. Nxe4 Nb4 19. Rc1 Bh3 20. Bxh3 Qxe4+ 21.
Bg2 Qe3 22. Rf1 Rxf1+ 23. Bxf1 Rf8 24. Bg2 Rf2 25. Bf3 Qh6 26. Bg2 Rxe2 27.
Qxe2 Qxc1+ 28. Bf1 Qg5 29. Qe6 Qf6 30. Qe2 Nc2 31. Kg1 Qd4+ 32. Kg2 Ne3+ 33.
Kh3 g5 34. g4 h5 0-1

[Event "Stuttgarter Stadtmeisterschaft A"]
[Site "Ditzingen"]
[Date "2008.05.01"]
[Round "3.23"]
[White "Meyner, Hannes"]
[Black "Jehle, Anja"]
[Result "1-0"]
[WhiteElo "2146"]
[BlackElo "1968"]
[PlyCount "71"]
[EventDate "2008.05.??"]
[EventType "swiss"]
[EventRounds "7"]
[EventCountry "GER"]

1. d4 Nf6 2. Nf3 g6 3. c4 Bg7 4. Nc3 d6 5. e4 O-O 6. Be2 Nbd7 7. Be3 e5 8. d5
Ng4 9. Bg5 f6 10. Bh4 Qe8 11. Nd2 Nh6 12. Nb5 Qd8 13. f3 a6 14. Nc3 Qe8 15. b4
f5 16. Bf2 b6 17. Na4 f4 18. c5 bxc5 19. bxc5 Rb8 20. Nc4 Qe7 21. Na5 Qf6 22.
Nc6 Ra8 23. Rb1 Nf7 24. Qd2 Nd8 25. Na5 Rf7 26. O-O Bh6 27. Rfc1 Bg5 28. cxd6
cxd6 29. Rc7 Rf8 30. Qc3 Nf7 31. Nc6 Bh4 32. Bxh4 Qxh4 33. Na7 Qd8 34. Nc6 Qe8
35. Rc1 Kg7 36. Na7 1-0

[Event "Stuttgarter Stadtmeisterschaft A"]
[Site "Ditzingen"]
[Date "2008.05.01"]
[Round "3.24"]
[White "Severin, Andreas"]
[Black "Weisenburger, Horst"]
[Result "0-1"]
[WhiteElo "1981"]
[BlackElo "2142"]
[PlyCount "48"]
[EventDate "2008.05.??"]
[EventType "swiss"]
[EventRounds "7"]
[EventCountry "GER"]

1. e3 g6 2. d4 Bg7 3. Bd3 d6 4. c4 e5 5. Ne2 f5 6. f3 Qh4+ 7. g3 Qh3 8. Kf2 Nf6
9. Qf1 Qh5 10. h4 e4 11. Bc2 Qxf3+ 12. Ke1 Qxf1+ 13. Kxf1 c5 14. d5 Nbd7 15.
Nbc3 Ne5 16. Ba4+ Ke7 17. Bb3 Nfd7 18. Nb5 Nb6 19. Na3 a5 20. Nc3 a4 21. Bc2
Nbxc4 22. Nxc4 Nxc4 23. Nxa4 b5 24. Nc3 b4 0-1

[Event "Stuttgarter Stadtmeisterschaft A"]
[Site "Ditzingen"]
[Date "2008.05.01"]
[Round "3.25"]
[White "Scharping, Hans-Martin"]
[Black "Ter-Akopyan, Bagrat"]
[Result "1/2-1/2"]
[WhiteElo "2138"]
[BlackElo "1984"]
[PlyCount "104"]
[EventDate "2008.05.??"]
[EventType "swiss"]
[EventRounds "7"]
[EventCountry "GER"]

1. d4 d5 2. Nf3 Nf6 3. c4 c6 4. Nc3 a6 5. b3 Bf5 6. g3 Nbd7 7. Bg2 e6 8. O-O
Bd6 9. Bb2 b5 10. cxd5 cxd5 11. Rc1 O-O 12. h3 h6 13. e3 Qb8 14. Qe2 Qb6 15.
Rfd1 Qa5 16. g4 Bh7 17. g5 hxg5 18. Nxg5 Rac8 19. Nxh7 Nxh7 20. e4 Bf4 21. Rc2
b4 22. Na4 Rxc2 23. Qxc2 Ndf6 24. e5 Nd7 25. Bc1 Bxc1 26. Rxc1 Qd8 27. f4 f6
28. Qc6 Qe7 29. Nc5 Nxc5 30. Qxc5 Qd8 31. f5 Ng5 32. fxe6 Nxe6 33. Qxd5 Kh8 34.
Rf1 Nc7 35. Qe4 fxe5 36. Rxf8+ Qxf8 37. Qxe5 Qd8 38. d5 Nb5 39. Be4 Qb6+ 40.
Kg2 Nd6 41. Bg6 Qc5 42. Qh5+ Kg8 43. Qh7+ Kf8 44. Qh8+ Ke7 45. Qxg7+ Kd8 46.
Qf8+ Kd7 47. Be8+ Kc7 48. Qe7+ Kb6 49. Qd8+ Ka7 50. Bc6 Qc2+ 51. Kf1 Qd3+ 52.
Ke1 Qe3+ 1/2-1/2

[Event "Stuttgarter Stadtmeisterschaft A"]
[Site "Ditzingen"]
[Date "2008.05.01"]
[Round "3.26"]
[White "Maissenbacher, Werner"]
[Black "Osmanovic, Faruk"]
[Result "0-1"]
[WhiteElo "1948"]
[BlackElo "2133"]
[PlyCount "80"]
[EventDate "2008.05.??"]
[EventType "swiss"]
[EventRounds "7"]
[EventCountry "GER"]

1. e4 c5 2. Nf3 d6 3. d4 cxd4 4. Nxd4 Nf6 5. Nc3 a6 6. Bc4 b5 7. Bb3 e6 8. f3
Be7 9. Be3 O-O 10. Qe2 Qc7 11. g4 Nc6 12. g5 Nxd4 13. Bxd4 Nh5 14. Qg2 Bd7 15.
Be3 Rfc8 16. a4 bxa4 17. Bxa4 Rab8 18. O-O d5 19. Bb3 Bc5 20. Bxc5 Qxc5+ 21.
Kh1 d4 22. Na4 Qd6 23. Rfd1 Nf4 24. Qd2 e5 25. Nc3 Be6 26. Bxe6 Qxe6 27. Ne2
Nh3 28. Rdb1 f5 29. Ng3 fxe4 30. Nxe4 Nf4 31. Ra3 Qh3 32. Qf2 Rc6 33. b4 d3 34.
cxd3 Rc2 35. Qg3 Rxh2+ 36. Qxh2 Qxf3+ 37. Kg1 Ne2+ 38. Qxe2 Qxe2 39. Rbb3 Rf8
40. Ra1 Rf4 0-1

[Event "Stuttgarter Stadtmeisterschaft A"]
[Site "Ditzingen"]
[Date "2008.05.01"]
[Round "3.27"]
[White "Renke, Mathias"]
[Black "Probst, Alexander"]
[Result "0-1"]
[WhiteElo "1933"]
[BlackElo "2129"]
[PlyCount "52"]
[EventDate "2008.05.??"]
[EventType "swiss"]
[EventRounds "7"]
[EventCountry "GER"]

1. e4 c5 2. c3 d5 3. exd5 Qxd5 4. d4 Nc6 5. Nf3 Bg4 6. dxc5 Qxd1+ 7. Kxd1 e5 8.
b4 O-O-O+ 9. Nbd2 Nf6 10. Ke1 e4 11. h3 exf3 12. hxg4 Re8+ 13. Kd1 Nxg4 14. Kc2
Nxf2 15. Rh4 Be7 16. Rf4 Bf6 17. gxf3 Re1 18. Bb2 Rhe8 19. Rxe1 Rxe1 20. Bd3
Nd1 21. Bxh7 Nxb2 22. Kxb2 Re2 23. b5 Rxd2+ 24. Kb3 Ne7 25. Re4 Rh2 26. Ra4
Rxh7 0-1

[Event "Stuttgarter Stadtmeisterschaft A"]
[Site "Ditzingen"]
[Date "2008.05.01"]
[Round "3.28"]
[White "Reder, Erik"]
[Black "Bogenschütze, Paul jr"]
[Result "0-1"]
[WhiteElo "1882"]
[BlackElo "2102"]
[PlyCount "68"]
[EventDate "2008.05.??"]
[EventType "swiss"]
[EventRounds "7"]
[EventCountry "GER"]

1. c4 e5 2. g3 Nf6 3. Bg2 Nc6 4. Nc3 Bc5 5. e4 O-O 6. Nge2 Nb4 7. d3 Ng4 8. O-O
Qf6 9. a3 Nxf2 10. Rxf2 Qxf2+ 11. Kh1 Nxd3 12. Bg5 Qf6 13. Qxd3 Qxg5 14. Rd1 d6
15. b4 Bb6 16. Nc1 Bg4 17. Rf1 Qe3 18. h3 Qxd3 19. Nxd3 Bd4 20. hxg4 Bxc3 21.
Bf3 Bd4 22. Bd1 c6 23. Bb3 a5 24. b5 cxb5 25. cxb5 Rac8 26. Bd5 Rc3 27. Ne1 b6
28. a4 Ra3 29. Nc2 Rxg3 30. Nxd4 exd4 31. Rd1 Re8 32. Rxd4 Rxg4 33. Rc4 h6 34.
Rc6 Re5 0-1

[Event "Stuttgarter Stadtmeisterschaft A"]
[Site "Ditzingen"]
[Date "2008.05.01"]
[Round "3.29"]
[White "Büter, Norbert"]
[Black "Turski, Tomasz"]
[Result "1/2-1/2"]
[WhiteElo "1874"]
[BlackElo "2097"]
[PlyCount "125"]
[EventDate "2008.05.??"]
[EventType "swiss"]
[EventRounds "7"]
[EventCountry "GER"]

1. d4 Nf6 2. c4 g6 3. Nc3 Bg7 4. e4 d6 5. f3 O-O 6. Bd3 Nbd7 7. Be3 a5 8. Nge2
c5 9. Qd2 e6 10. O-O Qe7 11. Rae1 b6 12. Bc2 Bb7 13. h3 Ne8 14. d5 Nc7 15. b3
Rae8 16. Ng3 exd5 17. exd5 Qe5 18. Nce4 f5 19. f4 Qe7 20. Ng5 Qf6 21. Nf3 Re7
22. Bf2 Rfe8 23. Rxe7 Rxe7 24. Re1 h6 25. Rxe7 Qxe7 26. Qd3 Na6 27. Qe2 Qxe2
28. Nxe2 Kf7 29. g4 fxg4 30. hxg4 Nf8 31. Kg2 Bc8 32. Kg3 Nb8 33. Be1 Nbd7 34.
Nc3 Bxc3 35. Bxc3 Nf6 36. f5 gxf5 37. gxf5 N8h7 38. Nh4 Ng5 39. Kf4 Nh5+ 40.
Ke3 Nf6 41. Ng6 Ng4+ 42. Ke2 Nf6 43. Ke3 Ng4+ 44. Kf4 Nf6 45. Nh4 Nh5+ 46. Ke3
Nf6 47. a3 Bd7 48. Nf3 Nxf3 49. Kxf3 Ke7 50. Bd2 Ng8 51. Bd3 Be8 52. b4 axb4
53. axb4 Bh5+ 54. Kg3 Be8 55. bxc5 bxc5 56. Bf4 Bd7 57. Kf2 Be8 58. Kg3 Bd7 59.
Kh4 Be8 60. Kg4 Nf6+ 61. Kf3 Bh5+ 62. Kg3 Ng8 63. Bd2 1/2-1/2

[Event "Stuttgarter Stadtmeisterschaft A"]
[Site "Ditzingen"]
[Date "2008.05.01"]
[Round "3.30"]
[White "Reck, Moritz"]
[Black "Erben, Larissa"]
[Result "1/2-1/2"]
[WhiteElo "2094"]
[BlackElo "1942"]
[PlyCount "39"]
[EventDate "2008.05.??"]
[EventType "swiss"]
[EventRounds "7"]
[EventCountry "GER"]

1. g3 d5 2. Bg2 Nf6 3. d3 c6 4. Nc3 e5 5. e4 Bb4 6. Bd2 O-O 7. exd5 cxd5 8. Nf3
Nc6 9. O-O Bg4 10. h3 Bh5 11. a3 Bc5 12. b4 Bb6 13. g4 Bg6 14. b5 e4 15. Ng5
Nd4 16. dxe4 h6 17. Be3 Nxc2 18. Qxc2 Bxe3 19. fxe3 hxg5 20. Qa4 1/2-1/2

[Event "Stuttgarter Stadtmeisterschaft A"]
[Site "Ditzingen"]
[Date "2008.05.01"]
[Round "3.31"]
[White "Stegmaier, Michael"]
[Black "Meyer, Peter"]
[Result "0-1"]
[WhiteElo "1802"]
[BlackElo "2090"]
[PlyCount "100"]
[EventDate "2008.05.??"]
[EventType "swiss"]
[EventRounds "7"]
[EventCountry "GER"]

1. c4 f5 2. Nf3 Nf6 3. Nc3 g6 4. d4 Bg7 5. g3 d6 6. Bg2 O-O 7. O-O Qe8 8. Bg5
c6 9. Qd3 e5 10. e4 fxe4 11. Nxe4 Nxe4 12. Qxe4 Bf5 13. Qe3 e4 14. Nd2 d5 15.
cxd5 cxd5 16. Qb3 Qf7 17. Qe3 Nc6 18. Nb3 Rfe8 19. Rad1 Bg4 20. Rd2 a5 21. a4
Qf8 22. Qf4 Bf5 23. g4 h6 24. gxf5 hxg5 25. Qxg5 Qxf5 26. Qxf5 gxf5 27. Bh3 f4
28. Kh1 Re7 29. Rg1 Rd8 30. Nc5 e3 31. fxe3 fxe3 32. Rdg2 Nxd4 33. Ne6 Nxe6 34.
Bxe6+ Kf8 35. Rf1+ Ke8 36. Bg4 Rd6 37. Rc2 Rc6 38. Re2 d4 39. Bf3 Rd6 40. Rc2
d3 41. Rc8+ Kd7 42. Bg4+ Rde6 43. Rfc1 e2 44. Rg8 Kd6 45. Bxe6 Kxe6 46. Re1 Kd6
47. Rd8+ Rd7 48. Re8 Be5 49. Rg8 d2 50. Rg6+ Kc7 0-1

[Event "Stuttgarter Stadtmeisterschaft A"]
[Site "Ditzingen"]
[Date "2008.05.01"]
[Round "3.32"]
[White "Imhof, Thomas"]
[Black "Giricz, Thomas"]
[Result "1-0"]
[WhiteElo "2088"]
[BlackElo "1875"]
[PlyCount "61"]
[EventDate "2008.05.??"]
[EventType "swiss"]
[EventRounds "7"]
[EventCountry "GER"]

1. e4 Nf6 2. e5 Nd5 3. d4 d6 4. c4 Nb6 5. exd6 cxd6 6. Nf3 g6 7. Be2 Bg7 8. O-O
O-O 9. Nc3 Nc6 10. Be3 e5 11. d5 Ne7 12. Rc1 f5 13. b3 Nd7 14. Ng5 Nf6 15. f4
e4 16. Nb5 h6 17. Ne6 Bxe6 18. dxe6 d5 19. Nxa7 b6 20. Nb5 Rxa2 21. c5 d4 22.
Bxd4 Nfd5 23. Bxg7 Kxg7 24. Qd4+ Kh7 25. Bc4 bxc5 26. Qxc5 Qa8 27. Nc7 Nxc7 28.
Qxe7+ Kh8 29. Qxc7 e3 30. Qe5+ Kh7 31. Bd5 1-0

[Event "Stuttgarter Stadtmeisterschaft A"]
[Site "Ditzingen"]
[Date "2008.05.01"]
[Round "3.33"]
[White "Kubacsny, Vilmos"]
[Black "Bauer, Dieter"]
[Result "1-0"]
[WhiteElo "2080"]
[BlackElo "1854"]
[PlyCount "74"]
[EventDate "2008.05.??"]
[EventType "swiss"]
[EventRounds "7"]
[EventCountry "GER"]

1. d4 Nf6 2. Nf3 e6 3. g3 c5 4. Bg2 cxd4 5. Nxd4 Nc6 6. Nxc6 bxc6 7. O-O Bc5 8.
b3 O-O 9. Bb2 d5 10. Nc3 Qe7 11. Qc1 e5 12. Na4 Bd6 13. c4 Be6 14. Rd1 Rac8 15.
c5 Bc7 16. Qg5 Bd7 17. Rac1 Rfe8 18. Qd2 Rb8 19. b4 Bg4 20. f3 Bd7 21. e3 Bc8
22. a3 Ba6 23. Bf1 Bxf1 24. Kxf1 e4 25. f4 Qe6 26. Bd4 Qh3+ 27. Qg2 Qxg2+ 28.
Kxg2 Nd7 29. Nc3 Bd8 30. b5 cxb5 31. Nxd5 Nf6 32. Nb4 a5 33. Nc6 Rc8 34. Na7
Rb8 35. c6 Bc7 36. Bxf6 gxf6 37. Rd7 Re5 1-0

[Event "Stuttgarter Stadtmeisterschaft A"]
[Site "Ditzingen"]
[Date "2008.05.01"]
[Round "3.34"]
[White "Winkler, Stefan"]
[Black "Huhn, Stefan"]
[Result "0-1"]
[WhiteElo "1824"]
[BlackElo "2079"]
[PlyCount "80"]
[EventDate "2008.05.??"]
[EventType "swiss"]
[EventRounds "7"]
[EventCountry "GER"]

1. e4 c5 2. Nf3 Nc6 3. Bb5 g6 4. O-O Bg7 5. Bxc6 dxc6 6. h3 Nf6 7. Re1 Nd7 8.
c3 e5 9. d4 cxd4 10. cxd4 exd4 11. Nxd4 O-O 12. Nc3 Ne5 13. f4 Qxd4+ 14. Qxd4
Nf3+ 15. gxf3 Bxd4+ 16. Kg2 Rd8 17. Bd2 Be6 18. b3 Bg7 19. e5 Rxd2+ 20. Kg3 Bf5
21. Nd1 Rad8 22. Ne3 Be6 23. Nd1 R8d4 24. Nc3 Bf5 25. Ne2 Rd8 26. Nc3 Bf8 27.
Nd1 Bc5 28. Rc1 Rc2 29. Rxc2 Bxc2 30. Ne3 Bxe3 31. Rxe3 Rd3 32. Re2 Bd1 33. Rf2
a5 34. Kg4 Kg7 35. Kg3 b5 36. h4 c5 37. h5 c4 38. a4 c3 39. axb5 c2 40. b6 c1=Q
0-1

[Event "Stuttgarter Stadtmeisterschaft A"]
[Site "Ditzingen"]
[Date "2008.05.01"]
[Round "3.35"]
[White "Trefzer, Erhard"]
[Black "Löwe, Joachim"]
[Result "1/2-1/2"]
[WhiteElo "2076"]
[BlackElo "1778"]
[PlyCount "86"]
[EventDate "2008.05.??"]
[EventType "swiss"]
[EventRounds "7"]
[EventCountry "GER"]

1. d4 d5 2. Nf3 Nf6 3. e3 g6 4. c4 c6 5. Bd3 Bg7 6. O-O O-O 7. b3 Re8 8. cxd5
cxd5 9. Bb2 Nc6 10. Nbd2 Nb4 11. Bb1 Bd7 12. Ne5 Bb5 13. Re1 Nd7 14. Ndf3 Nxe5
15. Nxe5 Nc6 16. Nf3 Rc8 17. a3 e6 18. Bd3 Qb6 19. Qe2 Bxd3 20. Qxd3 Na5 21.
Nd2 Rc7 22. Rac1 Rec8 23. Rxc7 Rxc7 24. Rc1 Rxc1+ 25. Bxc1 Qc7 26. Bb2 Bf8 27.
Qc3 Bd6 28. Qxc7 Bxc7 29. Bc3 Nc6 30. b4 e5 31. Nb3 exd4 32. Bxd4 b6 33. Kf1
Kf8 34. Ke2 Ke7 35. h3 Ne5 36. Bxe5 Bxe5 37. a4 Bc3 38. b5 Ke6 39. Kd3 Bb2 40.
a5 Kd6 41. a6 Kc7 42. g4 g5 43. f3 Kd6 1/2-1/2

[Event "Stuttgarter Stadtmeisterschaft A"]
[Site "Ditzingen"]
[Date "2008.05.01"]
[Round "3.38"]
[White "Rempeli, Alex"]
[Black "Bissbort, Julian"]
[Result "1/2-1/2"]
[WhiteElo "1713"]
[BlackElo "2059"]
[PlyCount "113"]
[EventDate "2008.05.??"]
[EventType "swiss"]
[EventRounds "7"]
[EventCountry "GER"]

1. d4 Nf6 2. c4 e5 3. dxe5 Ne4 4. Nf3 Nc6 5. Nbd2 Bb4 6. a3 Bxd2+ 7. Nxd2 Nxd2
8. Qxd2 Nxe5 9. Qc3 f6 10. Bf4 Ng6 11. Bg3 d6 12. c5 Be6 13. cxd6 cxd6 14. e3
Rc8 15. Qd2 d5 16. Bb5+ Kf7 17. O-O Qb6 18. Ba4 Rhd8 19. Rfd1 Ne5 20. Qd4 Qa5
21. Bb3 Nc4 22. Rac1 b5 23. Bc2 b4 24. axb4 Qxb4 25. b3 a5 26. bxc4 Rxc4 27.
Qa1 Rdc8 28. Bd3 Rc3 29. Rb1 Qc5 30. Rb5 Qa3 31. Qxa3 Rxa3 32. Bxh7 f5 33. Rb7+
Kf6 34. Bh4+ g5 35. Bg3 Rd3 36. Ra1 Ra3 37. Rf1 Rac3 38. h4 a4 39. hxg5+ Kxg5
40. Rb6 R8c6 41. Bf4+ Kf6 42. Rb7 a3 43. Ra7 Rb3 44. Kh2 Rcb6 45. g4 fxg4 46.
Ra1 Rb7 47. Rxb7 Rxb7 48. Bd3 Rb3 49. Bb1 d4 50. exd4 Rh3+ 51. Kg2 Bd5+ 52. Kf1
a2 53. Rxa2 Rh1+ 54. Ke2 Bc4+ 55. Kd2 Rxb1 56. Rc2 Bd5 57. Be3 1/2-1/2

[Event "Stuttgarter Stadtmeisterschaft A"]
[Site "Ditzingen"]
[Date "2008.05.01"]
[Round "3.39"]
[White "Schiestl, Uwe"]
[Black "Günthner, Arthur"]
[Result "1/2-1/2"]
[WhiteElo "2051"]
[BlackElo "1707"]
[PlyCount "79"]
[EventDate "2008.05.??"]
[EventType "swiss"]
[EventRounds "7"]
[EventCountry "GER"]

1. e4 d6 2. d4 Nf6 3. Nc3 e5 4. Nf3 Nbd7 5. Bc4 Be7 6. O-O O-O 7. h3 c6 8. a4
a5 9. Bb3 b6 10. Re1 Bb7 11. d5 c5 12. Bc4 Ne8 13. g4 g6 14. Bh6 Ng7 15. Kh1
Nf6 16. Rg1 Bc8 17. Bd3 Kh8 18. Qd2 Ng8 19. Ne2 Nxh6 20. Qxh6 Bd7 21. Ng3 Rg8
22. Rg2 Ne8 23. Qe3 Nc7 24. c4 Na6 25. b3 Nb4 26. Rag1 Nxd3 27. Qxd3 Bg5 28.
Ne2 f6 29. h4 Bh6 30. g5 fxg5 31. hxg5 Bf8 32. Rh2 Be7 33. Qe3 Rg7 34. Ne1 Rf7
35. Nd3 Qf8 36. f4 Qg7 37. fxe5 dxe5 38. Qg3 Bd6 39. Rf2 Raf8 40. Rgf1 1/2-1/2

[Event "Stuttgarter Stadtmeisterschaft A"]
[Site "Ditzingen"]
[Date "2008.05.01"]
[Round "3.40"]
[White "Barthel, Ansgar"]
[Black "Lörincz, Benjamin"]
[Result "1-0"]
[WhiteElo "2258"]
[BlackElo "1935"]
[PlyCount "104"]
[EventDate "2008.05.??"]
[EventType "swiss"]
[EventRounds "7"]
[EventCountry "GER"]

1. e4 c5 2. Nf3 d6 3. d4 cxd4 4. Nxd4 Nf6 5. Nc3 Nc6 6. Bg5 e6 7. Qd2 Be7 8.
O-O-O O-O 9. f4 Nxd4 10. Qxd4 Qa5 11. e5 dxe5 12. Qxe5 Qxe5 13. fxe5 Nd5 14.
Bxe7 Nxe7 15. Bd3 Nd5 16. Be4 Nxc3 17. bxc3 Re8 18. c4 Kf8 19. c5 a5 20. c6 Ra7
21. Rd3 Ke7 22. Rhd1 b5 23. Rg3 g6 24. Rh3 h5 25. Rf3 Rg8 26. Rb3 b4 27. c3
bxc3 28. Rxc3 Rd8 29. a4 Rxd1+ 30. Kxd1 Kd8 31. Kd2 Kc7 32. Ke3 Kb6 33. Kd4 Ba6
34. Rb3+ Kc7 35. Kc5 Be2 36. Rb1 Bg4 37. Rb7+ Rxb7 38. cxb7 Be2 39. h4 Ba6 40.
g3 Be2 41. Bc6 Bd3 42. Be8 Kxb7 43. Bxf7 Bf5 44. Kd6 Bc2 45. Be8 Bf5 46. Bd7
Bc2 47. Kxe6 Kc7 48. Ke7 Bd3 49. Be8 Bf5 50. Bb5 Bc2 51. e6 Bf5 52. Kf7 Kd6 1-0

[Event "Stuttgarter Stadtmeisterschaft A"]
[Site "Ditzingen"]
[Date "2008.05.01"]
[Round "3.41"]
[White "Haag, Ulrich"]
[Black "Seifert, Martin"]
[Result "1-0"]
[WhiteElo "2158"]
[BlackElo "1932"]
[PlyCount "77"]
[EventDate "2008.05.??"]
[EventType "swiss"]
[EventRounds "7"]
[EventCountry "GER"]

1. d4 d5 2. c4 e6 3. Nc3 Nf6 4. Bg5 Nbd7 5. cxd5 exd5 6. Nf3 c6 7. Qc2 Be7 8.
e3 O-O 9. Bd3 h6 10. Bf4 Re8 11. O-O Bf8 12. h3 a6 13. Rab1 c5 14. dxc5 Nxc5
15. Be2 Nce4 16. Rbd1 Qa5 17. Be5 Be6 18. Bd3 Rac8 19. a3 Be7 20. Qe2 Nd7 21.
Bd4 Nef6 22. Bb1 Qc7 23. Rc1 Qb8 24. Rfd1 Bd6 25. Ba2 Ne5 26. Rc2 Bf5 27. Rcd2
Ne4 28. Nxe4 dxe4 29. Nxe5 Bxe5 30. Qh5 g6 31. Qxh6 Bxd4 32. Rxd4 Rc2 33. g4
Rxf2 34. Kxf2 Qh2+ 35. Ke1 Qg1+ 36. Kd2 Qf2+ 37. Kc1 Rc8+ 38. Kb1 Qc2+ 39. Ka1
1-0

[Event "Stuttgarter Stadtmeisterschaft A"]
[Site "Ditzingen"]
[Date "2008.05.01"]
[Round "3.42"]
[White "Guballa, Jens"]
[Black "Hittinger, Immanuel"]
[Result "1/2-1/2"]
[WhiteElo "2041"]
[BlackElo "1928"]
[PlyCount "33"]
[EventDate "2008.05.??"]
[EventType "swiss"]
[EventRounds "7"]
[EventCountry "GER"]

1. d4 d5 2. Nf3 Nf6 3. c4 e6 4. Nc3 Be7 5. Bg5 O-O 6. e3 h6 7. Bh4 b6 8. Bd3
dxc4 9. Bxc4 Bb7 10. O-O Nbd7 11. Qe2 c5 12. Rfd1 Ne4 13. Bxe7 Nxc3 14. Bxd8
Nxe2+ 15. Bxe2 Rfxd8 16. Rac1 Rac8 17. Rf1 1/2-1/2

[Event "Stuttgarter Stadtmeisterschaft A"]
[Site "Ditzingen"]
[Date "2008.05.01"]
[Round "3.43"]
[White "Braun, Georg"]
[Black "Häußler, Frank"]
[Result "1-0"]
[WhiteElo "1931"]
[BlackElo "2030"]
[PlyCount "55"]
[EventDate "2008.05.??"]
[EventType "swiss"]
[EventRounds "7"]
[EventCountry "GER"]

1. e4 c5 2. Nf3 e6 3. d4 cxd4 4. Nxd4 a6 5. c4 Nf6 6. Bd3 Qc7 7. O-O Bc5 8. Nb3
Ba7 9. Nc3 Nc6 10. Kh1 Ne5 11. Bf4 d6 12. Bxe5 dxe5 13. Qe2 h5 14. Nd2 Bd7 15.
b4 Bd4 16. Rac1 a5 17. Nb5 Qb8 18. Nxd4 exd4 19. bxa5 Rxa5 20. Nb3 Ra3 21. Qb2
Ng4 22. f4 Qa7 23. Ra1 e5 24. fxe5 Nxe5 25. Be2 O-O 26. Nxd4 Ng4 27. Bxg4 Bxg4
28. Nb5 1-0

[Event "Stuttgarter Stadtmeisterschaft A"]
[Site "Ditzingen"]
[Date "2008.05.01"]
[Round "3.44"]
[White "Yin, Zixiao"]
[Black "Hoffmann, Ekkehard"]
[Result "1-0"]
[WhiteElo "1923"]
[BlackElo "2002"]
[PlyCount "95"]
[EventDate "2008.05.??"]
[EventType "swiss"]
[EventRounds "7"]
[EventCountry "GER"]

1. g3 d5 2. c3 e5 3. Na3 f5 4. d3 Nf6 5. Bg2 c6 6. Nc2 Bd6 7. Bg5 O-O 8. Nf3
Be6 9. O-O h6 10. Bxf6 Qxf6 11. Nd2 Na6 12. f4 exf4 13. gxf4 g5 14. e3 Nc7 15.
d4 gxf4 16. exf4 Qh4 17. Qe1 Qf6 18. Qe3 Kh8 19. Nf3 Rg8 20. Ne5 Qg7 21. Qh3
Ne8 22. Rf3 Nf6 23. Rg3 Qh7 24. Re1 Ne4 25. Bxe4 dxe4 26. Ne3 Rxg3+ 27. hxg3
Rg8 28. Kf2 Bxe5 29. dxe5 Rd8 30. Rh1 Rd2+ 31. Ke1 Rd3 32. Qxh6 Rxe3+ 33. Kf2
Rf3+ 34. Kg2 Qxh6 35. Rxh6+ Kg7 36. Rxe6 Rd3 37. Re7+ Kg6 38. Rxb7 Rd2+ 39. Kf1
e3 40. Rxa7 Rxb2 41. Rc7 Kh5 42. Rg7 Rxa2 43. Rg5+ Kh6 44. Rxf5 Kg6 45. g4 c5
46. e6 Ra6 47. Rxc5 Rxe6 48. f5+ 1-0

[Event "Stuttgarter Stadtmeisterschaft A"]
[Site "Ditzingen"]
[Date "2008.05.01"]
[Round "3.45"]
[White "Srokovskiy, Alexander"]
[Black "Volk, Werner"]
[Result "1/2-1/2"]
[WhiteElo "1765"]
[BlackElo "1993"]
[PlyCount "33"]
[EventDate "2008.05.??"]
[EventType "swiss"]
[EventRounds "7"]
[EventCountry "GER"]

1. e4 e6 2. d4 d5 3. Nc3 dxe4 4. Nxe4 Nd7 5. Bd3 Ngf6 6. Bg5 h6 7. Bh4 Be7 8.
Bxf6 Nxf6 9. c3 O-O 10. Qe2 Qd5 11. Nf3 Qa5 12. O-O Qh5 13. Bc2 Nxe4 14. Qxe4
Qf5 15. Qe2 Qh5 16. Qe4 Qf5 17. Qe2 1/2-1/2

[Event "Stuttgarter Stadtmeisterschaft A"]
[Site "Ditzingen"]
[Date "2008.05.01"]
[Round "3.46"]
[White "Weißbeck, Simon"]
[Black "Kaplunov, Vadym"]
[Result "0-1"]
[WhiteElo "1831"]
[BlackElo "1967"]
[PlyCount "76"]
[EventDate "2008.05.??"]
[EventType "swiss"]
[EventRounds "7"]
[EventCountry "GER"]

1. e4 c5 2. c3 Nf6 3. e5 Nd5 4. d4 cxd4 5. cxd4 d6 6. Nf3 Nc6 7. Bc4 Nb6 8. Bb5
e6 9. O-O Bd7 10. Nc3 a6 11. Bxc6 Bxc6 12. Be3 Be7 13. Nd2 dxe5 14. dxe5 Nd5
15. Nxd5 Qxd5 16. Nf3 O-O 17. Qxd5 Bxd5 18. Rac1 Rac8 19. a3 f6 20. exf6 Bxf6
21. Bd4 Bxf3 22. Bxf6 Be2 23. Rxc8 Rxc8 24. Bc3 Bxf1 25. Kxf1 Kf7 26. Ke2 b5
27. Kd2 g6 28. h4 Rc4 29. g3 Ke7 30. Kd3 Kd6 31. Ke3 Kd5 32. Kd3 e5 33. Ke3
Rxc3+ 34. bxc3 Kc4 35. Ke4 Kxc3 36. Kxe5 a5 37. f4 b4 38. f5 gxf5 0-1